[Event "NZL-ch blitz 123rd"]
[Site "Auckland"]
[Date "2016.01.12"]
[Round "9"]
[White "Dive, Russell John"]
[Black "Wang, Puchen"]
[Result "0-1"]
[WhiteElo "2311"]
[BlackElo "2457"]
[PlyCount "48"]
[EventDate "2016.01.12"]
[EventType "swiss (blitz)"]
[EventRounds "9"]
[EventCountry "NZL"]
[SourceTitle "CBM 170 Extra"]
[Source "ChessBase"]
[SourceDate "2016.02.25"]
[SourceVersion "1"]
[SourceVersionDate "2016.02.25"]
[SourceQuality "1"]

1. Nf3 d5 2. d4 Nf6 3. c4 c6 4. Nc3 dxc4 5. a4 Bf5 6. Ne5 Nbd7 7. Nxc4 Qc7 8. g3 e5 9. dxe5 Nxe5 10. Ne3 Rd8 11. Qb3 Be6 12. Qc2 Bc5 13. Bg2 0-0 14. 0-0 a5 15. Bd2 Bb6 16. Rad1 Qc8 17. Rfe1 Bh3 18. Bh1 Nfg4 19. Nxg4 Nxg4 20. e3 Ne5 21. Bc1 Bf5 22. e4 Bg4 23. Rxd8 Rxd8 24. Rf1 Nf3+ 0-1

[Event "NZL-ch blitz 123rd"]
[Site "Auckland"]
[Date "2016.01.12"]
[Round "7"]
[White "Ma, Qun"]
[Black "Wang, Puchen"]
[Result "1-0"]
[WhiteElo "2606"]
[BlackElo "2457"]
[PlyCount "85"]
[EventDate "2016.01.12"]
[EventType "swiss (blitz)"]
[EventRounds "9"]
[EventCountry "NZL"]
[SourceTitle "CBM 170 Extra"]
[Source "ChessBase"]
[SourceDate "2016.02.25"]
[SourceVersion "1"]
[SourceVersionDate "2016.02.25"]
[SourceQuality "1"]

1. e4 c5 2. Nf3 d6 3. d4 cxd4 4. Qxd4 Nc6 5. Bb5 Bd7 6. Bxc6 Bxc6 7. Nc3 Nf6 8. Bg5 e6 9. Qd3 Be7 10. Nd4 Rc8 11. 0-0-0 Qa5 12. h4 0-0 13. f4 Rfe8 14. f5 Bd7 15. Nb3 Qc7 16. e5 Nd5 17. fxe6 fxe6 18. Nxd5 exd5 19. Qxd5+ Kh8 20. c3 Bc6 21. exd6 Bxd5 22. dxc7 Bxb3 23. axb3 Bxg5+ 24. hxg5 Rxc7 25. g6 h6 26. Rhe1 Rf8 27. Re6 Kg8 28. b4 Rc6 29. Rxc6 bxc6 30. Kc2 Rf6 31. Rd8+ Rf8 32. Rxf8+ Kxf8 33. Kd3 Ke7 34. Kd4 Kd6 35. c4 a6 36. b3 h5 37. g3 Kd7 38. Kc5 Kc7 39. b5 cxb5 40. cxb5 axb5 41. Kxb5 Kb7 42. b4 Kc7 43. Kc5 1-0

[Event "NZL-ch blitz 123rd"]
[Site "Auckland"]
[Date "2016.01.12"]
[Round "6"]
[White "Wang, Puchen"]
[Black "Capel, Evan Timothy"]
[Result "1-0"]
[WhiteElo "2457"]
[BlackElo "2127"]
[PlyCount "66"]
[EventDate "2016.01.12"]
[EventType "swiss (blitz)"]
[EventRounds "9"]
[EventCountry "NZL"]
[SourceTitle "CBM 170 Extra"]
[Source "ChessBase"]
[SourceDate "2016.02.25"]
[SourceVersion "1"]
[SourceVersionDate "2016.02.25"]
[SourceQuality "1"]

1. d4 Nf6 2. c4 c5 3. Nf3 cxd4 4. Nxd4 e5 5. Nb5 d5 6. cxd5 Bc5 7. e3 e4 8. Be2 0-0 9. N5c3 Bf5 10. a3 Na6 11. b4 Bd6 12. Bb2 Rc8 13. Nd2 Re8 14. Nc4 Bb8 15. Qd4 Nc7 16. Rd1 Na6 17. h3 h5 18. Nb5 b6 19. g4 hxg4 20. hxg4 Rxc4 21. Qxc4 Nxg4 22. Nd4 b5 23. Qxb5 Nc7 24. Qc4 Bd7 25. Nc6 Qc8 26. Nxb8 Qxb8 27. Rg1 Ne5 28. Qxe4 Bb5 29. Bxe5 Bxe2 30. Bxc7 Qb5 31. Qd4 g6 32. Rd2 Bh5 33. d6 Qa4 1-0

[Event "NZL-ch blitz 123rd"]
[Site "Auckland"]
[Date "2016.01.12"]
[Round "4"]
[White "Wang, Puchen"]
[Black "Fier, Alexandr"]
[Result "1/2-1/2"]
[WhiteElo "2457"]
[BlackElo "2607"]
[PlyCount "155"]
[EventDate "2016.01.12"]
[EventType "swiss (blitz)"]
[EventRounds "9"]
[EventCountry "NZL"]
[SourceTitle "CBM 170 Extra"]
[Source "ChessBase"]
[SourceDate "2016.02.25"]
[SourceVersion "1"]
[SourceVersionDate "2016.02.25"]
[SourceQuality "1"]

1. d4 Nf6 2. c4 c5 3. d5 e6 4. Nc3 exd5 5. cxd5 d6 6. e4 g6 7. Bd3 Bg7 8. h3 Nbd7 9. Nf3 a6 10. a4 Nh5 11. Be2 0-0 12. 0-0 Re8 13. Bg5 Qb6 14. Qc2 Nhf6 15. Nd2 Qc7 16. Be3 Rb8 17. Nc4 Nb6 18. Na3 Bd7 19. Rfe1 Nxe4 20. Nxe4 Nxd5 21. Bd2 b5 22. axb5 axb5 23. Nc3 Nb4 24. Qd1 Qb6 25. Bf4 Re6 26. Bf1 Rxe1 27. Qxe1 c4 28. Qd2 Bf5 29. Qxd6 Nc6 30. Naxb5 Rd8 31. Qc7 Qxc7 32. Nxc7 Bd3 33. Ra8 Rxa8 34. Nxa8 Nb4 35. Nc7 Bxf1 36. Kxf1 Nd3 37. N7d5 Nxb2 38. Bg5 Nd3 39. Bf6 Bh6 40. h4 Bc1 41. Ne3 Bxe3 42. fxe3 Kf8 43. Ne4 h6 44. Nd2 Nc5 45. Nxc4 Ne4 46. Be5 Ke7 47. Ke2 Ke6 48. Bh2 f5 49. Nd2 Nf6 50. Kf3 Kd5 51. Bf4 h5 52. Bg5 Ng4 53. e4+ fxe4+ 54. Nxe4 Ke5 55. Nf2 Nh2+ 56. Ke2 Kf5 57. g3 Ke5 58. Bf4+ Kf5 59. Nd1 Ke4 60. Ne3 Nf3 61. Nf1 Nd4+ 62. Kf2 Ne6 63. Bc1 Nc5 64. Bh6 Nd3+ 65. Ke2 Ne5 66. Nd2+ Kf5 67. Bf4 Nc6 68. Nf3 Ke4 69. Ng5+ Kf5 70. Ke3 Nb4 71. Nf3 Nd5+ 72. Kf2 Nxf4 73. gxf4 Kxf4 74. Ke2 Kg4 75. Ke3 Kg3 76. Ke4 Kg4 77. Ng5 Kxh4 78. Kf4 1/2-1/2

[Event "NZL-ch blitz 123rd"]
[Site "Auckland"]
[Date "2016.01.12"]
[Round "8"]
[White "Wang, Puchen"]
[Black "Koop, Thorben"]
[Result "1-0"]
[WhiteElo "2457"]
[BlackElo "2417"]
[PlyCount "57"]
[EventDate "2016.01.12"]
[EventType "swiss (blitz)"]
[EventRounds "9"]
[EventCountry "NZL"]
[SourceTitle "CBM 170 Extra"]
[Source "ChessBase"]
[SourceDate "2016.02.25"]
[SourceVersion "1"]
[SourceVersionDate "2016.02.25"]
[SourceQuality "1"]

1. d4 Nf6 2. c4 c5 3. d5 b5 4. cxb5 a6 5. f3 e6 6. e4 axb5 7. Bxb5 exd5 8. exd5 Qa5+ 9. Nc3 Bd6 10. Nge2 0-0 11. 0-0 Qc7 12. g3 Ba6 13. Kg2 Be5 14. a4 Bxb5 15. Nxb5 Qb7 16. Nec3 d6 17. Rf2 Na6 18. Bg5 Nd7 19. Be7 Rfe8 20. Bxd6 Nb4 21. Re2 f6 22. Bxe5 Rxe5 23. Rxe5 Nxe5 24. Qe2 Re8 25. Rd1 Rd8 26. Qe4 c4 27. Rd2 Ned3 28. Qxc4 Qd7 29. Rxd3 1-0

[Event "Burlingame Chinggis"]
[Site "Burlingame"]
[Date "2015.02.01"]
[Round "9"]
[White "Gorovets, Andrey"]
[Black "Wang, Puchen"]
[Result "1-0"]
[WhiteElo "2488"]
[BlackElo "2458"]
[PlyCount "133"]
[EventDate "2015.01.28"]
[EventType "tourn"]
[EventRounds "9"]
[EventCountry "USA"]
[EventCategory "8"]
[SourceTitle "CBM 164 Extra"]
[Source "ChessBase"]
[SourceDate "2015.03.02"]
[SourceVersion "1"]
[SourceVersionDate "2015.03.02"]
[SourceQuality "1"]

1. d4 d5 2. Bf4 Nf6 3. e3 Bf5 4. c4 c6 5. Qb3 Qb6 6. Nc3 Nbd7 7. Nf3 e6 8. c5 Qxb3 9. axb3 a6 10. b4 Rc8 11. h3 Be7 12. g4 Bg6 13. Nh4 Bd8 14. Nxg6 hxg6 15. Bg2 Bc7 16. Bxc7 Rxc7 17. b5 Nb8 18. b6 Rc8 19. f4 Kd7 20. Kf2 Rh4 21. Nb1 Rf8 22. Nd2 Kc8 23. Kg3 Rhh8 24. b4 Rd8 25. Ra2 Rd7 26. Bf3 Rdd8 27. Rh2 Rdf8 28. Ra1 Rd8 29. Rah1 Rh7 30. Rf2 Nbd7 31. Rff1 Rdh8 32. h4 Nb8 33. Rh2 Nbd7 34. Rfh1 Kd8 35. Rh3 Kc8 36. Kg2 Kd8 37. Kf2 Kc8 38. Ke2 Kd8 39. Kd3 Kc8 40. Nb3 Nb8 41. Na5 Nbd7 42. R3h2 Nb8 43. Nb3 Nbd7 44. Nd2 Kd8 45. Nb1 Kc8 46. Nc3 Kd8 47. Nd1 Kc8 48. Nf2 Kd8 49. Bd1 Kc8 50. Bc2 Rf8 51. Ke2 Rhh8 52. Kf3 Kd8 53. Bd3 Kc8 54. Nd1 Nb8 55. Nc3 Nbd7 56. Ne2 Kd8 57. Nc1 Kc8 58. Nb3 Nb8 59. Na5 Re8 60. Ra2 Re7 61. g5 Ng8 62. Rha1 Kd8 63. Nxb7+ Rxb7 64. Bxa6 Rd7 65. Bf1 Ne7 66. Ra8 Rb7 67. Ba6 1-0

[Event "Burlingame Chinggis"]
[Site "Burlingame"]
[Date "2015.01.31"]
[Round "6"]
[White "Wang, Puchen"]
[Black "Bregadze, Levan"]
[Result "1/2-1/2"]
[WhiteElo "2458"]
[BlackElo "2459"]
[PlyCount "145"]
[EventDate "2015.01.28"]
[EventType "tourn"]
[EventRounds "9"]
[EventCountry "USA"]
[EventCategory "8"]
[SourceTitle "CBM 164 Extra"]
[Source "ChessBase"]
[SourceDate "2015.03.02"]
[SourceVersion "1"]
[SourceVersionDate "2015.03.02"]
[SourceQuality "1"]

1. e4 c5 2. Nf3 d6 3. d4 cxd4 4. Nxd4 Nf6 5. Nc3 Nc6 6. Be2 e5 7. Nb3 Be7 8. 0-0 0-0 9. Re1 Be6 10. Bf3 a5 11. a4 Nb4 12. Nb5 d5 13. exd5 Nfxd5 14. Rxe5 Bf6 15. Re1 Bf5 16. N3d4 Bg6 17. Be4 Qd7 18. Bxg6 hxg6 19. c3 Nc6 20. Nf3 Rad8 21. Bd2 Qf5 22. Qb1 Qh5 23. Qe4 Rd7 24. h3 Rfd8 25. Qg4 Nb6 26. Bf4 Nc4 27. Qxh5 gxh5 28. Rab1 Ne7 29. b3 Nd5 30. Bg3 Nxc3 31. Nxc3 Bxc3 32. bxc4 Bxe1 33. Rxe1 Rd1 34. Kf1 R8d3 35. Ke2 Rxe1+ 36. Kxd3 Ra1 37. Nd4 Ra3+ 38. Ke4 Rxa4 39. Kd5 Ra2 40. Kc5 Rb2 41. Nb5 a4 42. Bd6 Rxf2 43. g3 h4 44. gxh4 f5 45. Kb4 f4 46. Bc5 Rf1 47. Kxa4 f3 48. Ka5 Rc1 49. Nd6 Ra1+ 50. Kb4 b6 51. Bf2 Ra2 52. Be3 Rb2+ 53. Ka4 f2 54. Bxf2 Rxf2 55. Kb5 Rb2+ 56. Kc6 Rb4 57. h5 Kh7 58. Kd5 Rb3 59. Kc6 Rxh3 60. Kxb6 Rxh5 61. c5 Rd5 62. Kc6 Re5 63. Kb6 Re6 64. Kc7 g5 65. Kd7 Rg6 66. c6 Rg7+ 67. Kd8 g4 68. Ne4 Rg8+ 69. Kd7 Rg7+ 70. Kd8 g3 71. Nxg3 Rxg3 72. c7 Rg8+ 73. Kd7 1/2-1/2

[Event "Burlingame Chinggis"]
[Site "Burlingame"]
[Date "2015.01.29"]
[Round "4"]
[White "Wang, Puchen"]
[Black "Ringoir, Tanguy"]
[Result "0-1"]
[WhiteElo "2458"]
[BlackElo "2511"]
[PlyCount "60"]
[EventDate "2015.01.28"]
[EventType "tourn"]
[EventRounds "9"]
[EventCountry "USA"]
[EventCategory "8"]
[SourceTitle "CBM 164 Extra"]
[Source "ChessBase"]
[SourceDate "2015.03.02"]
[SourceVersion "1"]
[SourceVersionDate "2015.03.02"]
[SourceQuality "1"]

1. d4 d5 2. c4 c6 3. Nf3 Nf6 4. e3 Bg4 5. Nc3 e6 6. h3 Bh5 7. g4 Bg6 8. Ne5 Nbd7 9. h4 dxc4 10. Nxd7 Qxd7 11. Bxc4 h5 12. g5 Nd5 13. Bd2 Be7 14. Nxd5 exd5 15. Be2 f6 16. gxf6 Bxf6 17. Bb4 Kf7 18. Qb3 Rae8 19. 0-0-0 Re4 20. f4 Rhe8 21. Bd2 Rxd4 22. exd4 Rxe2 23. Qh3 Qxh3 24. Rxh3 Bxd4 25. b4 Bf5 26. Rhh1 b6 27. Rde1 Rg2 28. Kd1 c5 29. bxc5 bxc5 30. Be3 Bg4+ 0-1

[Event "Auckland North Shore op 41st"]
[Site "Auckland"]
[Date "2014.09.07"]
[Round "4"]
[White "Wang, Puchen"]
[Black "McLaren, Leonard"]
[Result "1-0"]
[WhiteElo "2454"]
[BlackElo "2218"]
[PlyCount "89"]
[EventDate "2014.09.06"]
[EventType "swiss"]
[EventRounds "5"]
[EventCountry "NZL"]
[SourceTitle "CBM 162 Extra"]
[Source "ChessBase"]
[SourceDate "2014.10.17"]
[SourceVersion "1"]
[SourceVersionDate "2014.10.17"]
[SourceQuality "1"]

1. d4 Nf6 2. c4 e6 3. Nc3 Bb4 4. e3 0-0 5. Bd3 d5 6. Nf3 c5 7. 0-0 cxd4 8. exd4 dxc4 9. Bxc4 b6 10. Bg5 Bb7 11. Qe2 Nbd7 12. Rac1 Bxc3 13. bxc3 Qc7 14. Bd3 Rac8 15. Rfe1 Rfe8 16. Bh4 Qf4 17. Bg3 Qh6 18. Bb5 Red8 19. Bd6 Nf8 20. Be7 Rd5 21. Bd3 Rh5 22. Bd6 Ng6 23. Ba6 Bxa6 24. Qxa6 Rd8 25. Qxa7 Ne4 26. Bg3 Nxg3 27. fxg3 Ra5 28. Qxb6 Rda8 29. Ra1 Rxa2 30. Rxa2 Rxa2 31. d5 Nf8 32. dxe6 fxe6 33. Qb3 Ra8 34. Qb7 Rd8 35. h3 Qg6 36. Kh2 h6 37. Ne5 Qf5 38. Nc6 Re8 39. Ne7+ Rxe7 40. Qxe7 Qd3 41. Qc7 Kh7 42. Ra1 Qf5 43. Qf4 Qc5 44. Qe4+ Ng6 45. Ra6 1-0

[Event "Olympiad-41"]
[Site "Tromsoe"]
[Date "2014.08.10"]
[Round "8.1"]
[White "Bachmann, Axel"]
[Black "Wang, Puchen"]
[Result "1-0"]
[WhiteElo "2644"]
[BlackElo "2449"]
[PlyCount "83"]
[EventDate "2014.08.02"]
[EventType "team-swiss"]
[EventRounds "11"]
[EventCountry "NOR"]
[SourceTitle "CBM 162"]
[Source "ChessBase"]
[SourceDate "2014.09.17"]
[SourceVersion "1"]
[SourceVersionDate "2014.09.17"]
[SourceQuality "1"]
[WhiteTeam "Paraguay"]
[BlackTeam "New Zealand"]
[WhiteTeamCountry "PAR"]
[BlackTeamCountry "NZL"]

1. c4 Nf6 2. Nf3 g6 3. Nc3 c5 4. d4 cxd4 5. Nxd4 Bg7 6. e4 0-0 7. Be2 Nc6 8. Be3 d6 9. 0-0 Bd7 10. Nc2 a6 11. f3 Be6 12. Qd2 a5 13. b3 Nd7 14. Rac1 Nc5 15. Nd5 Bxd5 16. exd5 Ne5 17. Nd4 Ned7 18. Rb1 Nf6 19. Rfd1 Qd7 20. Bf1 Rfc8 21. Re1 Re8 22. Rbd1 Qd8 23. Nb5 Qd7 24. g3 Qc8 25. Bd4 Qd7 26. h4 a4 27. b4 Na6 28. Kh2 Qd8 29. a3 Nd7 30. Bxg7 Kxg7 31. h5 Nc7 32. h6+ Kg8 33. Qb2 Nf6 34. Nxc7 Qxc7 35. Re3 Qc8 36. Bh3 Qxc4 37. Rde1 Kf8 38. Bd7 Rec8 39. Bxc8 Rxc8 40. Rxe7 Qc2+ 41. Qxc2 Rxc2+ 42. Kh3 1-0

[Event "Olympiad-41"]
[Site "Tromsoe"]
[Date "2014.08.09"]
[Round "7.1"]
[White "Wang, Puchen"]
[Black "Gallagher, Joseph G"]
[Result "1/2-1/2"]
[WhiteElo "2449"]
[BlackElo "2473"]
[PlyCount "111"]
[EventDate "2014.08.02"]
[EventType "team-swiss"]
[EventRounds "11"]
[EventCountry "NOR"]
[SourceTitle "CBM 162"]
[Source "ChessBase"]
[SourceDate "2014.09.17"]
[SourceVersion "1"]
[SourceVersionDate "2014.09.17"]
[SourceQuality "1"]
[WhiteTeam "New Zealand"]
[BlackTeam "Switzerland"]
[WhiteTeamCountry "NZL"]
[BlackTeamCountry "SUI"]

1. d4 Nf6 2. c4 g6 3. Nc3 Bg7 4. e4 d6 5. f3 0-0 6. Be3 Nc6 7. Nge2 a6 8. Qd2 Na5 9. Nc1 Nd7 10. b4 Nc6 11. Rb1 e5 12. d5 Nd4 13. Nb3 Nxb3 14. axb3 f5 15. Be2 Qh4+ 16. Bf2 Qe7 17. Ra1 Nf6 18. 0-0 Nh5 19. Bd3 Nf4 20. Ne2 Qg5 21. Nxf4 exf4 22. Rae1 fxe4 23. Rxe4 Bf5 24. Re2 Bh3 25. Bg3 Bd4+ 26. Kh1 Be3 27. Qe1 Bf5 28. Bxf5 Qxf5 29. Bf2 Qd3 30. Bxe3 Rae8 31. Qd1 Rxe3 32. Rxe3 Qxe3 33. Re1 Qc3 34. Re7 Rf7 35. Qe1 Qxe1+ 36. Rxe1 Kf8 37. Kg1 Re7 38. Kf2 Rxe1 39. Kxe1 Ke7 40. Kd2 Kf6 41. Kc3 Ke5 42. Kd3 g5 43. Kc3 c6 44. dxc6 bxc6 45. Kd3 c5 46. bxc5 dxc5 47. Kc3 a5 48. Kd3 Kf5 49. Ke2 Ke5 50. Kd3 h6 51. Kc3 Kf5 52. Kd3 Ke5 53. Kc3 Ke6 54. Kd2 Ke5 55. Kc3 Kf5 56. Kd3 1/2-1/2

[Event "Commonwealth-ch"]
[Site "Glasgow"]
[Date "2014.07.08"]
[Round "9"]
[White "Sachdev, Tania"]
[Black "Wang, Puchen"]
[Result "0-1"]
[WhiteElo "2422"]
[BlackElo "2450"]
[PlyCount "96"]
[EventDate "2014.06.30"]
[EventType "swiss"]
[EventRounds "9"]
[EventCountry "SCO"]
[SourceTitle "CBM 161 Extra"]
[Source "ChessBase"]
[SourceDate "2014.08.29"]
[SourceVersion "1"]
[SourceVersionDate "2014.08.29"]
[SourceQuality "1"]

1. d4 d5 2. c4 c6 3. Nf3 Nf6 4. Nc3 dxc4 5. a4 Bf5 6. Ne5 e6 7. f3 Bb4 8. Nxc4 Nbd7 9. Kf2 0-0 10. e4 Bg6 11. Qb3 a5 12. Be3 c5 13. Rd1 cxd4 14. Bxd4 Qe7 15. Be2 Nc5 16. Qa2 Rad8 17. Rhf1 Ncxe4+ 18. fxe4 Rxd4 19. Rxd4 Bc5 20. Rfd1 e5 21. Nxe5 Qxe5 22. Qc4 Rd8 23. Nd5 Nxe4+ 24. Ke1 Re8 25. Ne3 Bb4+ 26. Kf1 Qf4+ 27. Bf3 Qxe3 28. Qe2 Qg5 29. Qb5 Qxb5+ 30. axb5 b6 31. g4 Kf8 32. h4 h6 33. Kg2 Bc5 34. Rd7 Nf6 35. Rc7 Be4 36. g5 hxg5 37. hxg5 Bxf3+ 38. Kxf3 Ne4 39. Rd5 g6 40. Rc6 Re6 41. Rxe6 fxe6 42. Re5 Nd2+ 43. Ke2 Nb3 44. Kd3 Kf7 45. Re1 Nd4 46. Rf1+ Nf5 47. Ke4 Be3 48. Rd1 Bxg5 0-1

[Event "Commonwealth-ch"]
[Site "Glasgow"]
[Date "2014.07.07"]
[Round "8"]
[White "Wang, Puchen"]
[Black "Soumya, Swaminathan"]
[Result "1/2-1/2"]
[WhiteElo "2450"]
[BlackElo "2318"]
[PlyCount "106"]
[EventDate "2014.06.30"]
[EventType "swiss"]
[EventRounds "9"]
[EventCountry "SCO"]
[SourceTitle "CBM 161 Extra"]
[Source "ChessBase"]
[SourceDate "2014.08.29"]
[SourceVersion "1"]
[SourceVersionDate "2014.08.29"]
[SourceQuality "1"]

1. d4 Nf6 2. c4 g6 3. Nc3 d5 4. cxd5 Nxd5 5. e4 Nxc3 6. bxc3 Bg7 7. Nf3 c5 8. Be3 Nc6 9. Be2 Bg4 10. e5 0-0 11. 0-0 cxd4 12. cxd4 Qd7 13. Rb1 Rfd8 14. Qb3 b6 15. h3 Be6 16. Qa3 Na5 17. Rfc1 Bd5 18. Ne1 Bf8 19. Qb2 Qa4 20. Ra1 e6 21. Bb5 Qa3 22. Qe2 Rdc8 23. Nc2 Qb2 24. Rab1 Qxa2 25. Ra1 Qb3 26. Rab1 Bc4 27. Qd1 Bxb5 28. Rxb3 Nxb3 29. Rb1 Ba4 30. Ne1 Rc3 31. Bd2 Nxd2 32. Qxd2 Rac8 33. Nf3 b5 34. d5 Rc2 35. Qf4 R2c4 36. Qd2 Rc2 37. Qf4 R2c4 38. Qd2 exd5 39. Qxd5 R4c5 40. Qd7 R5c7 41. Qd5 Rc5 42. Qd7 R8c7 43. Qd8 b4 44. Rxb4 Rc8 45. Qh4 Rc1+ 46. Kh2 Bxb4 47. Qxb4 R1c4 48. Qa5 Bc6 49. Qxa7 Bxf3 50. gxf3 Rf4 51. Kg3 Rf5 52. Qd4 Re8 53. f4 Re6 1/2-1/2

[Event "Commonwealth-ch"]
[Site "Glasgow"]
[Date "2014.07.05"]
[Round "6"]
[White "Wang, Puchen"]
[Black "Tate, Alan"]
[Result "1-0"]
[WhiteElo "2450"]
[BlackElo "2339"]
[PlyCount "157"]
[EventDate "2014.06.30"]
[EventType "swiss"]
[EventRounds "9"]
[EventCountry "SCO"]
[SourceTitle "CBM 161 Extra"]
[Source "ChessBase"]
[SourceDate "2014.08.29"]
[SourceVersion "1"]
[SourceVersionDate "2014.08.29"]
[SourceQuality "1"]

1. d4 Nf6 2. c4 e6 3. Nf3 b6 4. g3 Bb4+ 5. Bd2 c5 6. Bg2 Bb7 7. 0-0 Bxd2 8. Qxd2 cxd4 9. Qxd4 Nc6 10. Qf4 Qb8 11. Qh4 Ne7 12. Nc3 0-0 13. Rac1 Rc8 14. Qd4 Nf5 15. Qd3 Qd6 16. Qxd6 Nxd6 17. b3 Kf8 18. Rfd1 Ke7 19. Ne5 Bxg2 20. Kxg2 Nde8 21. e4 d6 22. Nd3 Nd7 23. f4 Nc5 24. Nb2 Nd7 25. Kf3 Rc6 26. Rc2 Rb8 27. Rcd2 Rb7 28. Nd3 h6 29. Nb4 Rc5 30. Nb5 a5 31. Nc2 Rc6 32. h4 h5 33. Ne3 Nc5 34. Nc2 Rd7 35. Ncd4 Rc8 36. Ne2 Rc6 37. Nec3 Rc8 38. Nd4 Nf6 39. Ndb5 Ne8 40. Ne2 Rc6 41. Nec3 Rc8 42. Re2 Rcd8 43. Rb2 Rc8 44. Rbd2 Rcd8 45. Nd4 Rc8 46. a3 a4 47. b4 Nb3 48. Nxb3 axb3 49. Na4 Rxc4 50. Nxb6 Rc3+ 51. Rd3 Rdc7 52. Na4 Rxd3+ 53. Rxd3 Ra7 54. Nb2 Rxa3 55. Nc4 Ra4 56. Rxb3 Nc7 57. Ke3 d5 58. Nb2 Ra6 59. exd5 exd5 60. Nd3 Nb5 61. Ne5 Ra1 62. Nf3 Kd6 63. Rd3 Rb1 64. Ne5 d4+ 65. Ke4 Ke6 66. f5+ Kf6 67. Nc6 Re1+ 68. Kd5 Kxf5 69. Nxd4+ Nxd4 70. Kxd4 Rb1 71. Kc4 f6 72. Rd4 Rg1 73. Rd3 g5 74. b5 gxh4 75. gxh4 Kg4 76. Rd4+ Kg3 77. b6 f5 78. b7 Rc1+ 79. Kb5 1-0

[Event "Commonwealth-ch"]
[Site "Glasgow"]
[Date "2014.06.30"]
[Round "1"]
[White "Giulian Jackson, Rosemary"]
[Black "Wang, Puchen"]
[Result "0-1"]
[WhiteElo "1890"]
[BlackElo "2450"]
[PlyCount "60"]
[EventDate "2014.06.30"]
[EventType "swiss"]
[EventRounds "9"]
[EventCountry "SCO"]
[SourceTitle "CBM 161 Extra"]
[Source "ChessBase"]
[SourceDate "2014.08.29"]
[SourceVersion "1"]
[SourceVersionDate "2014.08.29"]
[SourceQuality "1"]

1. e4 e6 2. d4 d5 3. Nd2 Nc6 4. c3 e5 5. exd5 Qxd5 6. dxe5 Nxe5 7. Qa4+ Bd7 8. Qe4 Qxe4+ 9. Nxe4 Bc6 10. f4 Bxe4 11. fxe5 Ne7 12. Bf4 Ng6 13. Bg3 Bc5 14. e6 fxe6 15. Bxc7 0-0 16. Bg3 Nf4 17. Bxf4 Rxf4 18. Nh3 Rxf1+ 19. Rxf1 Bxg2 20. 0-0-0 Bxh3 21. Rfe1 Re8 22. b4 Bb6 23. Rd7 Bg2 24. Rd6 e5 25. a4 e4 26. Rd2 Bf3 27. a5 Bc7 28. Rf2 Rd8 29. Kc2 g5 30. Rg1 g4 0-1

[Event "Budapest FS06 GM"]
[Site "Budapest"]
[Date "2014.06.15"]
[Round "8"]
[White "Berczes, David"]
[Black "Wang, Puchen"]
[Result "1-0"]
[WhiteElo "2481"]
[BlackElo "2450"]
[PlyCount "55"]
[EventDate "2014.06.07"]
[EventType "tourn"]
[EventRounds "10"]
[EventCountry "HUN"]
[EventCategory "7"]
[SourceTitle "CBM 160 Extra"]
[Source "ChessBase"]
[SourceDate "2014.07.01"]
[SourceVersion "1"]
[SourceVersionDate "2014.07.01"]
[SourceQuality "1"]

1. Nf3 f5 2. g3 Nf6 3. Bg2 g6 4. 0-0 Bg7 5. d4 0-0 6. b3 d6 7. Bb2 e6 8. Nbd2 Nc6 9. Ne1 Bd7 10. Nd3 a5 11. a3 Qe8 12. c4 g5 13. c5 e5 14. d5 Ne7 15. e4 Bb5 16. Qc2 fxe4 17. Nxe4 Nexd5 18. cxd6 Nxe4 19. Bxe4 Nf6 20. d7 Qh5 21. Nxe5 Bxf1 22. Rxf1 Nxe4 23. Qxe4 c6 24. g4 Qh6 25. Qc4+ Kh8 26. Nf7+ Rxf7 27. Qxf7 Bxb2 28. Re1 1-0

[Event "Budapest FS06 GM"]
[Site "Budapest"]
[Date "2014.06.09"]
[Round "3"]
[White "Wang, Puchen"]
[Black "Berczes, David"]
[Result "1-0"]
[WhiteElo "2450"]
[BlackElo "2481"]
[PlyCount "55"]
[EventDate "2014.06.07"]
[EventType "tourn"]
[EventRounds "10"]
[EventCountry "HUN"]
[EventCategory "7"]
[SourceTitle "CBM 160 Extra"]
[Source "ChessBase"]
[SourceDate "2014.07.01"]
[SourceVersion "1"]
[SourceVersionDate "2014.07.01"]
[SourceQuality "1"]

1. d4 d5 2. c4 c6 3. Nf3 Nf6 4. Nc3 e6 5. Bg5 h6 6. Bxf6 Qxf6 7. e3 Nd7 8. Bd3 dxc4 9. Bxc4 g6 10. 0-0 Bg7 11. Rc1 0-0 12. Bb3 Qe7 13. Qc2 Kh8 14. h3 a5 15. a3 e5 16. Ba2 f5 17. Na4 e4 18. Nd2 Rb8 19. Rfe1 Nf6 20. Nc4 Nd5 21. Ncb6 Be6 22. Nc5 Bg8 23. Bxd5 cxd5 24. Ncd7 f4 25. Nxb8 fxe3 26. fxe3 Rxb8 27. Qc7 Qe8 28. Nc8 1-0

[Event "Kecskemet Caissa GM 05"]
[Site "Kecskemet"]
[Date "2014.05.24"]
[Round "8"]
[White "Ilincic, Zlatko"]
[Black "Wang, Puchen"]
[Result "1/2-1/2"]
[WhiteElo "2424"]
[BlackElo "2444"]
[PlyCount "29"]
[EventDate "2014.05.17"]
[EventType "tourn"]
[EventRounds "9"]
[EventCountry "HUN"]
[EventCategory "7"]
[SourceTitle "CBM 160 Extra"]
[Source "ChessBase"]
[SourceDate "2014.07.01"]
[SourceVersion "1"]
[SourceVersionDate "2014.07.01"]
[SourceQuality "1"]

1. d4 d5 2. c4 c6 3. Nf3 Nf6 4. Qb3 dxc4 5. Qxc4 Bf5 6. g3 e6 7. Bg2 Nbd7 8. 0-0 Be7 9. Nc3 0-0 10. Qb3 Qb6 11. Qxb6 axb6 12. Nh4 Bc2 13. Bd2 h6 14. Rfc1 Bh7 15. a4 1/2-1/2

[Event "Kecskemet Caissa GM 05"]
[Site "Kecskemet"]
[Date "2014.05.22"]
[Round "6"]
[White "Groszpeter, Attila"]
[Black "Wang, Puchen"]
[Result "1/2-1/2"]
[WhiteElo "2479"]
[BlackElo "2444"]
[PlyCount "71"]
[EventDate "2014.05.17"]
[EventType "tourn"]
[EventRounds "9"]
[EventCountry "HUN"]
[EventCategory "7"]
[SourceTitle "CBM 160 Extra"]
[Source "ChessBase"]
[SourceDate "2014.07.01"]
[SourceVersion "1"]
[SourceVersionDate "2014.07.01"]
[SourceQuality "1"]

1. e4 e6 2. d4 d5 3. Nc3 Nf6 4. Bg5 Bb4 5. e5 h6 6. Bd2 Bxc3 7. bxc3 Ne4 8. Qg4 g6 9. Qf4 c5 10. Bd3 Nxd2 11. Qxd2 Qa5 12. Nf3 c4 13. Be2 Qa3 14. h4 Nd7 15. h5 g5 16. Nh2 f5 17. exf6 Nxf6 18. Bf3 Bd7 19. Ng4 Nxg4 20. Bxg4 0-0-0 21. 0-0 Rhf8 22. Rfe1 Rf6 23. Re5 a5 24. Qe3 Kb8 25. Bxe6 Bxe6 26. Rxe6 Rxe6 27. Qxe6 Qxc3 28. Rb1 Qxc2 29. Qb6 Rd7 30. Re1 Rc7 31. Re8+ Rc8 32. Qd6+ Ka7 33. Rxc8 Qd1+ 34. Kh2 Qxh5+ 35. Kg1 Qd1+ 36. Kh2 1/2-1/2